000 00390 a2200157 4500
003 OSt
005 20180116182643.0
008 160426b xxu||||| |||| 00| 0 eng d
022 _a0195797655
040 _c0
100 _aShahida Wizarat
245 _aThe rise and fall of industrial productivity in Pakistan
260 _c2002
300 _a264
942 _aNBS
_cBK
_k658.95491 WIX
_2ddc
999 _c343492
_d343492